000 01729nam a22004217a 4500
001 000107274
003 CHAP
005 20220329143922.0
008 130109d2012 mx r 001 0 spa d
010 _a103736
011 _a104708
035 _a115398
040 _cCHAP
090 _aTesis
100 1 _aLópez Báez, Absalón.
_967712
245 1 0 _aAislamiento y control de Fusarium oxysporum schlecht f. sp. radicis lycopersici jarvis y shoemaker., causante del ahorcamiento en el cultivo de jitomate (Solanum lycopersicum) en Aquixtla, Puebla
_h[En línea]
_c/por Absalón López Báez.
260 _aChapingo, Méx. :
_bEl autor,
_c2012.
500 _aPara ver el contenido del material haga clic en la liga
502 _aTesis (Ing. Agrónomo Especialista en Parasitología Agrícola) -- UACH. Departamento de Parasitología Agrícola
590 _aALEPH
_b10
_c20130110
_lUCH01
_h1546
590 _aBATCH-UPD
_b10
_c20130110
_lUCH01
_h1105
590 _aBATCH-UPD
_b10
_c20130410
_lUCH01
_h0657
590 _aBATCH-UPD
_b10
_c20130914
_lUCH01
_h1452
590 _aBATCH-UPD
_b10
_c20140324
_lUCH01
_h1532
590 _aBATCH-UPD
_b10
_c20141002
_lUCH01
_h0854
590 _aCONVERSION
_b10
_c20130109
_lUCH01
_h1357
590 _aE12093SGE
_b10
_c20130617
_lUCH01
_h1331
650 0 4 _aFusarium oxysporum.
_944093
650 0 4 _aTomate
_xEnfermedades por hongos.
_9113713
650 0 4 _aTomate
_xFungicidas.
_9113725
650 0 4 _aTomate
_xPuebla.
_9113759
856 _3Finding aid
_uhttp://10.13.5.2/tesis/115398.pdf
_zTeclea aqui
901 _aBK
942 _cFOLL
942 _n0
949 _aTesis
_bBC
_cTES
_d33724002331488
_eTS2
_fc.2
_h53805
_i115398
_st
949 _aTesis
_bBC
_cTES
_d33724002331520
_eTS1
_h53804
_i115398
_st
999 _c103736
_d103736